LEADER 00852nam a2200193 i 4500 001 000000217336 003 CaOOAMICUS 005 20121203000000.0 008 121203s1933 it u000 u ita u 013 $a196233 040 $aSeMil$bita 245 12$aL'annullamento e lo scioglimento canonico del matrimonio. 300 $aVIII, 464 p. 650 4$aMatrimonio canonico - Annullamento.$0(OLS)http://semarc/subject/10815 650 4$aMatrimonio civile.$0(OLS)http://semarc/subject/11908 773 0 $aRossi Canevari, Roberto$tAnnullamento e lo scioglimento del Matrimonio.$dMilano : Coop. Poligrafica degli Operai, 1932-1933.$gVolume2$w()1192 850 $aSeMil 852 $aSeMil$W1$xVenegono$y1$m2J IV 62$j167750$B167750$CSeMilBibl$Z2$F178515 $81 996 $6245$aL'annullamento e lo scioglimento canonico del matrimonio$9(OLS)http://semarc/title/312278 LEADER 00834nam a2200205 i 4500 001 000000115098 003 CaOOAMICUS 005 20050922000000.0 008 050922s1981 it u000 u ita u 013 $a87786 040 $aSeMil$bita 100 1 $aSaba, Franco.$0(OLS)http://semarc/name/48095 245 12$aL'opera ceramica, le pietre e i vetri /$ctesti di Franco Saba ... [et al.]. 300 $a181 p. :$briccamente ill. 500 $aContiene : Bibliografia generale. - In custodia. 773 0 $tArtigianato lombardo.$dMilano : Cassa di Risparmio delle Province Lombarde, 1977-1981.$g5$w()9530 850 $aSeMil 852 $aSeMil$W1$xVenegono$y1$m5P XI 24$j70635$B70635$CSeMilBibl$Z2$F103282 $8I 961 $aOmaggio: Ciprandi dott. Paolo 996 $6245$aL'opera ceramica, le pietre e i vetri$9(OLS)http://semarc/title/168462